000 00838cam a22002651 4500
001 2675
003 BD-RjUL
005 20211208233611.0
008 131212s1967 enka 001 0 eng
035 _a(BD-RjUL)2702
040 _aDLC
_cDLC
_dDLC
_dBD-RjUL
_beng
041 _aeng
082 0 0 _a344.4101
_219
_bWEC 1967
100 1 _aWedderburn, K. W.
_d1927-2012.
_98620
245 1 0 _aCases and materials on labour law /
_cby K. W. Wedderburn.
260 _aCambridge /
_bCambridge U.P.,
_cc1967.
300 _axxix, 784 p. :
_btables. ;
_c23 cm.
504 _aIncludes index.
650 0 _aLabor laws and legislation
_zGreat Britain
_xCases.
_98622
650 0 _aLabor laws and legislation
_zGreat Britain.
_98058
942 _2ddc
_cBK
999 _c2675
_d2675